Histórias da terra e do mar (Registo nº 1435)
[ vista simples ]
| 000 -Etiqueta do registo | |
|---|---|
| Cabeçalho | 00809nam0a2200265 4500 |
| 005 - Identificador da versão | |
| Campo de controlo | 20240813121836.0 |
| 010 ## - Número internacional normalizado dos livros (ISBN) | |
| Número (ISBN) | 9789720726322 |
| 021 ## - Número do Depósito Legal | |
| Código do país | PT |
| Número | 360713/13 |
| 100 ## - Dados gerais de processamento | |
| Dados gerais de processamento | 20150220d2013 a e0pory5003 ba |
| 102 ## - Pais de publicação ou produção | |
| País de publicação | Portugal |
| 101 0# - Língua de publicação | |
| Língua do texto, banda sonora, etc. | Português |
| 215 ## - Descrição física | |
| Indicação específica da natureza do documento e extensão da espécie | 92, [3] p |
| Outras indicações físicas | il. color |
| 200 1# - Titulo e menção de responsabilidade | |
| Título próprio | Histórias da terra e do mar |
| Primeira menção de responsabilidade | Sophia de Mello Breyner Andresen |
| Outras menções de responsabilidade | il. de _Jorge Nesbitt |
| 205 ## - Menção da edição | |
| Menção da edição | 1ª ed |
| 210 ## - Publicação, Distribuição, etc. | |
| Lugar da edição, distribuição, etc. | Porto |
| Nome do editor, distribuidor, etc. | Porto ed. |
| Data da publicação, distribuição, etc. | 2013 |
| 300 ## - Notas gerais | |
| Texto da nota | Plano Nacional de Leitura |
| 606 ## - Nome comum usado como assunto | |
| Número de registo de entrada de autoridade | 0002010 |
| Palavra de ordem | Literatura portuguesa |
| Subdivisão de assunto | Conto |
| Código do sistema | CA |
| 675 ## - Classificação Decimal Universal (CDU) | |
| Notação | 821.134.3-34 |
| Edição | 3ª ed. |
| Língua da edição | por |
| 702 #1 - Nome de autor-pessoa física (responsabilidade secundária) | |
| Número de registo de entrada de autoridade | 0002063 |
| Palavra de ordem | Nesbitt |
| Outra parte do nome não tomada para palavra de ordem | Jorge |
| Código de função | Ilustrador / Técnico de desenho computorizado |
| 700 #1 - Nome de autor-pessoa física (responsabilidade principal) | |
| Número de registo de entrada de autoridade | 0000987 |
| Palavra de ordem | Andresen |
| Outra parte do nome não tomada para palavra de ordem | Sophia de Mello Breyner |
| Datas | 1919-2004 |
| 966 ## - Identificação da Biblioteca | |
| Sigla | EB2,3ENM |
| 942 ## - Elementos de entrada adicionados (Koha) | |
| Tipo de item no Koha | Livro |
| Situação do levantamento | Origin of item (home branch) (coded) | Biblioteca de empréstimo | Código de barras | Cota | Circulation type (not for loan) | Tipo de documento | Nota do exemplar | Damaged status |
|---|---|---|---|---|---|---|---|---|
| Biblioteca Escolar Eng. Nuno Mergulhão | Biblioteca Escolar Eng. Nuno Mergulhão | BENM3558 | 82LP-34 AND PNL | Livro | Sem mensagem |
